| 000 | 03267cam a22012374i 4500 | ||
|---|---|---|---|
| 003 | PE-LiUPU | ||
| 005 | 20250813185427.0 | ||
| 008 | 190131s2014 sp a 0 000 0 spa d | ||
| 020 | _a8433027980 | ||
| 020 | _a9788433027986 | ||
| 035 | _a(Sirsi) a251525 | ||
| 040 |
_aPE-LiUPU _bspa _cPE-LiUPU _erda |
||
| 049 | _aPRUA | ||
| 082 | 0 | 4 |
_a370 _bB17 _221 |
| 100 | 1 |
_aBalanzá Gómez, Ana, _eautor. |
|
| 245 | 1 | 4 |
_aLas dificultades de la educación : _borientaciones educativas para el ámbito familiar / _cAna Balanzá Gómez ; ilustraciones Maria Juli, Marc Juli. |
| 264 | 1 |
_aBilbao : _bEditorial Desclée de Brouwer, _c2014. |
|
| 300 |
_a117 páginas : _bilustraciones ; _c21 centímetros |
||
| 336 |
_atext _2rdacontent |
||
| 337 |
_aunmediated _2rdamedia |
||
| 338 |
_avolume _2rdacarrier |
||
| 505 | 0 | _aEntendiendo la situación -- derechos de los niños -- equivocaciones comunes y consecuencias -- sugerencias de cambio -- glosario de términos -- pasamos a la acción -- caminando hacia el futuro. | |
| 526 | _aP202 | ||
| 526 | _aP201 | ||
| 526 | _aP163 | ||
| 526 | _aP162 | ||
| 526 | _aP161 | ||
| 526 | _aP160 | ||
| 526 | _aP148 | ||
| 526 | _aP147 | ||
| 526 | _aP146 | ||
| 526 | _aP145 | ||
| 526 | _aP144 | ||
| 526 | _aP143 | ||
| 526 | _aP142 | ||
| 526 | _aP141 | ||
| 526 | _aP140 | ||
| 526 | _aP139 | ||
| 526 | _aP138 | ||
| 526 | _aP137 | ||
| 526 | _aP136 | ||
| 526 | _aP135 | ||
| 526 | _aP134 | ||
| 526 | _aP133 | ||
| 526 | _aP129 | ||
| 526 | _aP128 | ||
| 526 | _aP127 | ||
| 526 | _aP120 | ||
| 526 | _aP119 | ||
| 526 | _aP118 | ||
| 526 | _aP116 | ||
| 526 | _aP115 | ||
| 526 | _aP114 | ||
| 526 | _aP110 | ||
| 526 | _aP109 | ||
| 526 | _aP108 | ||
| 526 | _aP104 | ||
| 526 | _aP103 | ||
| 526 | _aP102 | ||
| 526 | _aP99 | ||
| 526 | _aP98 | ||
| 526 | _aP97 | ||
| 526 | _aP96 | ||
| 526 | _aP95 | ||
| 526 | _aP93 | ||
| 526 | _aP90 | ||
| 526 | _aP89 | ||
| 526 | _aP88 | ||
| 526 | _aP83 | ||
| 526 | _aP82 | ||
| 526 | _aP62 | ||
| 526 | _aP59 | ||
| 526 | _aP58 | ||
| 526 | _aP57 | ||
| 526 | _aP51 | ||
| 526 | _aP49 | ||
| 526 | _aP48 | ||
| 526 | _aP47 | ||
| 526 | _aP29 | ||
| 526 | _aP24 | ||
| 526 | _aP20 | ||
| 526 | _aP19 | ||
| 526 | _aP17 | ||
| 526 | _aP15 | ||
| 526 | _aP14 | ||
| 526 | _aP12 | ||
| 526 | _aP10 | ||
| 526 | _aP09 | ||
| 526 | _aP08 | ||
| 526 | _aP07 | ||
| 526 | _aP06 | ||
| 526 | _aP05 | ||
| 526 | _aP04 | ||
| 526 | _aP01 | ||
| 541 | _g002-00000792; | ||
| 650 | 1 | 7 |
_aPadres e hijos. _2embne _92059 |
| 650 | 1 | 7 |
_aEducación de padres. _2embne |
| 700 | 1 |
_aJuli, Maria, _eilustrador. |
|
| 700 | 1 |
_aJuli, Marc, _eilustrador. |
|
| 910 |
_adbm _bksl _cksl _d20190131 |
||
| 942 |
_2ddc _cBOOK |
||
| 994 |
_aC0 _bPEPRU |
||
| 596 | _a1 | ||
| 999 |
_a370 B17 _wDEWEY _c30897 _i79804 _f2021-11-8 _g4 _lCCODEBUL1 _mBUL _p14.02 _r0 _sY _tBOOK _u2019-1-31 _xEDUCACION _PP33 _0COMPRA _1FCOMPR2 _o.STAFF. Colección Ciencias de la Salud _d30897 |
||
| 999 |
_a370 B17 _wDEWEY _c2 _i79805 _f2021-11-8 _g4 _lCCODEBUL1 _mBUL _p14.02 _r0 _sY _tBOOK _u2019-1-31 _xEDUCACION _PP33 _0COMPRA _1FCOMPR2 _o.STAFF. Colección Ciencias de la Salud |
||
| 980 |
_81 _gALBERTO SANCHEZ Responsable de Automatización |
||